000 00654cam a2200217 a 4500
001 000035250
005 20200930074215.0
008 890410s1977 mx 000 0 spa c
040 _aDO-SdBNP
_bspa
_cBNPHU
082 _axxxx
_bC348o, 1977
100 1 _aCastellanos, Rosario.
_d1925-1974
_922743
245 1 0 _aOficio de tinieblas /
_cRosario Castellanos.
250 _a5a ed.
260 _aMéxico, D. F. :
_bJoaquín Mortiz,
_c1977.
300 _a368 p. ;
_c20 cm.
490 1 _aNovelistas Contemporáneos
650 4 _aNovela mexicana
_93959
650 4 _aLiteratura mexicana
_91922
830 0 _aNovelistas Contemporáneos
_911918
049 _aBNGR
999 _c34741
_d34741